000 00830nam a22002297a 4500
005 2013011105475.0
008 130111t xxu||||| |||| 00| 0 eng d
010 _aENG-106545
020 _a019808286x
_c750.00
020 _a9780198082866
_c750.00
035 _aEN-90078
037 _bDBAD / PUB
040 _aDPL
_bENG
100 _91433
245 _aSociology of education in India :
_cedited by Geetha B. Nambissan [and] S. Srinivasa Rao
_bchanging contours and emerging concerns /
260 _aNew Delhi
_bOxford University Press
_c2013
270 _aYMCA Library Building, 1 Jai Singh Road,
_bNew Delhi
_e110001
300 _ax, 277 p. :
_c22cm(Hb)
700 _954724
942 _2ddc
_cEN
_mSOC
999 _c72893
_d72893